ბათუმის შოთა რუსთაველის სახელმწიფო უნივერსიტეტის ბიბლიოთეკა

International investment law : (ბიბ.ჩანაწერი № 57789)

000 -LEADER
fixed length control field 00976cam a2200241 i 4500
001 - CONTROL NUMBER
control field 19051276
005 - DATE AND TIME OF LATEST TRANSACTION
control field 20201201130527.0
008 - FIXED-LENGTH DATA ELEMENTS--GENERAL INFORMATION
fixed length control field 160411s2016 enk b 001 0 eng
020 ## - INTERNATIONAL STANDARD BOOK NUMBER
International Standard Book Number 9781785360091 (paperback)
041 ## - LANGUAGE CODE
Language code of text/sound track or separate title eng
080 ## - UNIVERSAL DECIMAL CLASSIFICATION NUMBER
Universal Decimal Classification number 340.130.53(094.4) N-13
100 1# - MAIN ENTRY--PERSONAL NAME
Personal name Nadakavukaren Schefer, Krista
Relator term author.
9 (RLIN) 9804
245 10 - TITLE STATEMENT
Title International investment law :
Remainder of title text, cases and materials /
Statement of responsibility, etc. Krista Nadakavukaren Schefer, senior fellow, World Trade Institute, Bern, Switzerland.
250 ## - EDITION STATEMENT
Edition statement Second edition.
264 #1 - PRODUCTION, PUBLICATION, DISTRIBUTION, MANUFACTURE, AND COPYRIGHT NOTICE
Place of production, publication, distribution, manufacture Cheltenham, UK :
Name of producer, publisher, distributor, manufacturer Edward Elgar Publishing,
Date of production, publication, distribution, manufacture, or copyright notice 2016.
300 ## - PHYSICAL DESCRIPTION
Extent 638 pages ;
Dimensions 25 cm.
650 #0 - SUBJECT ADDED ENTRY--TOPICAL TERM
Topical term or geographic name entry element Investments, Foreign
General subdivision Law and legislation.
9 (RLIN) 9805
650 #0 - SUBJECT ADDED ENTRY--TOPICAL TERM
Topical term or geographic name entry element Investments, Foreign (International law)
9 (RLIN) 9806
653 ## - INDEX TERM--UNCONTROLLED
keyword სამართალი
653 ## - INDEX TERM--UNCONTROLLED
keyword საერთაშორისო საინვესტიციო კანონი
653 ## - INDEX TERM--UNCONTROLLED
keyword ინვესტიციები
942 ## - ADDED ENTRY ELEMENTS (KOHA)
Source of classification or shelving scheme
Koha item type წიგნი
ეგზემპლარები
Withdrawn status Lost status Source of classification or shelving scheme Damaged status Not for loan Permanent Location Current Location Shelving location Date acquired Cost, normal purchase price Full call number Barcode Date last seen Copy number Price effective from Koha item type Public note
          ბათუმის შოთა რუსთაველის სახელმწიფო უნივერსიტეტის მთავარი ბიბლიოთეკა ბათუმის შოთა რუსთაველის სახელმწიფო უნივერსიტეტის მთავარი ბიბლიოთეკა წიგნსაცავი 2020-12-01 175.22 340.130.53(094.4) N-13 61138 2020-12-01 61138 2020-12-01 წიგნი 175 ლ. 22 თ.